Skončenie pracovného pomeru z dôvodu porušenia bezpečnosti práce
S prípadmi porušenia bezpečnosti práce je spojené porušenie pracovnej disciplíny zamestnancom pracujúcim v pracovnom pomere. Obvykle predstavuje porušenie noriem bezpečnosti práce aj závažné porušenie pracovnej disciplíny zamestnancom. Jednotlivé prípady porušenia bezpečnosti práce sú jednak porušen...
Salvato in:
| Autore principale: | |
|---|---|
| Natura: | Capitolo di libro |
| Lingua: | slovacco |
| Soggetti: | |
| Tags: |
Nessun Tag, puoi essere il primo ad aggiungerne!!
|
MARC
| LEADER | 00000naa a2200000 4500 | ||
|---|---|---|---|
| 001 | 0308171 | ||
| 005 | 20250416091133.5 | ||
| 041 | 0 | |a slo | |
| 044 | |a SK | ||
| 245 | 1 | 0 | |a Skončenie pracovného pomeru z dôvodu porušenia bezpečnosti práce |c Ladislav Hrtánek |
| 520 | |a S prípadmi porušenia bezpečnosti práce je spojené porušenie pracovnej disciplíny zamestnancom pracujúcim v pracovnom pomere. Obvykle predstavuje porušenie noriem bezpečnosti práce aj závažné porušenie pracovnej disciplíny zamestnancom. Jednotlivé prípady porušenia bezpečnosti práce sú jednak porušením platnej právnej úpravy, ale môže ísť taktiež aj o porušenie predpisov, ktoré sú u zamestnávateľa v platnosti. Prípady porušenia noriem bezpečnosti práce môžu, ale nemusia byť nevyhnutne spojené so skončením pracovného pomeru zamestnávateľom. Posúdenie danej situácie totiž závisí od zamestnávateľa a je na jeho uvážení. | ||
| 610 | 2 | 0 | |a skončenie pomeru pracovného |
| 610 | 2 | 0 | |a bezpečnosť |
| 610 | 2 | 0 | |a bezpečnosť práce |
| 610 | 2 | 0 | |a disciplína pracovná |
| 610 | 2 | 0 | |a zamestnávatelia |
| 610 | 2 | 0 | |a zamestnanci |
| 610 | 2 | 0 | |a pomer pracovný |
| 610 | 2 | 0 | |a právo |
| 610 | 2 | 0 | |a legislatíva |
| 610 | 2 | 0 | |a zákony |
| 100 | 1 | |a Hrtánek, Ladislav | |